|
|
|
|
| LEADER |
00000nlm0a2200000 4500 |
| 001 |
637743 |
| 005 |
20231101133957.0 |
| 029 |
1 |
0 |
|a RU
|b 694912
|c А. с.
|d МПК H 01 J 25/50
|
| 035 |
|
|
|a (RuTPU)RU\TPU\network\1911
|
| 035 |
|
|
|a RU\TPU\network\1909
|
| 039 |
0 |
|
|a RU
|b 2545770
|c 19771121
|
| 090 |
|
|
|a 637743
|
| 100 |
|
|
|a 20141014j19791030k y0rusy50 ca
|
| 101 |
0 |
|
|a rus
|
| 102 |
|
|
|a RU
|
| 105 |
|
|
|a a k 000zy
|
| 135 |
|
|
|a drmn ---uucaa
|
| 181 |
|
0 |
|a i
|
| 182 |
|
0 |
|a b
|
| 200 |
1 |
|
|a Магнетронный генератор
|f Ю. Г. Юшков [и др.]
|g Томский политехнический институт (ТПИ), Научно-исследовательский институт ядерной физики (НИИ ЯФ)
|
| 203 |
|
|
|a Текст
|c электронный
|
| 300 |
|
|
|a опубл. 30.10.79
|
| 330 |
|
|
|a Изобретение относися к технике СВЧ и может быть использовано для генерации сверхмощных СВЧ-импульсов наносекундной длительности.
|
| 610 |
1 |
|
|a патенты
|
| 610 |
1 |
|
|a труды учёных ТПУ
|
| 610 |
1 |
|
|a электронный ресурс
|
| 610 |
1 |
|
|a магнетронные генераторы
|
| 610 |
1 |
|
|a СВЧ-техника
|
| 610 |
1 |
|
|a СВЧ-импульсы
|
| 610 |
1 |
|
|a авторские свидетельства
|
| 701 |
|
1 |
|a Юшков
|b Ю. Г.
|c электрофизик
|c профессор Томского политехнического университета, доктор технических наук
|f 1937-
|g Юрий Георгиевич
|2 stltpush
|3 (RuTPU)RU\TPU\pers\22023
|
| 701 |
|
1 |
|a Штейн
|b Ю. Г.
|
| 701 |
|
1 |
|a Фоменко
|b Г. П.
|
| 701 |
|
1 |
|a Сулакшин
|b А. С.
|
| 701 |
|
1 |
|a Зеленцов
|b В. С.
|
| 701 |
|
1 |
|a Диденко
|b А. Н.
|c физик
|c профессор Томского политехнического университета (до 1987 г.)
|c с 1988 г. заведующий кафедрой Московского инженерно-физического института
|c советник Российской академии наук
|f 1932-
|g Андрей Николаевич
|2 stltpush
|3 (RuTPU)RU\TPU\pers\19779
|
| 712 |
0 |
2 |
|a Томский политехнический институт (ТПИ)
|b Научно-исследовательский институт ядерной физики (НИИ ЯФ)
|c (1975-1998)
|2 stltpush
|3 (RuTPU)RU\TPU\col\11922
|
| 801 |
|
1 |
|a RU
|b 63413507
|c 20120201
|
| 801 |
|
2 |
|a RU
|b 63413507
|c 20160608
|g RCR
|
| 856 |
4 |
|
|u http://www1.fips.ru/fips_servl/fips_servlet?DB=RUPAT&rn=8635&DocNumber=694912&TypeFile=html
|
| 942 |
|
|
|c CF
|